000
00221 a2200109 4500
005
20260114123241.0
020
_a
9780008606640
100
_a
Mafi T.
_9
216344
245
_a
Imagine Me
260
_b
Dean
_c
2023
942
_c
AR
999
_c
369888
_d
369888